South Eastern Kenya University

Library Online Public Access Catalogue


Cultural consultation : (Record no. 4863)

MARC details
000 -LEADER
fixed length control field 00715cam a2200229 i 4500
020 ## - ISBN
International Standard Book Number 9781461476146 (alk. paper)
050 00 - LIBRARY OF CONGRESS CALL NUMBER
Classification Number RA 790.95
Item Number .C85
245 00 - TITLE
Title Cultural consultation :
Remainder of title encountering the other in mental health care /
Statement of responsibility, etc Laurence J. Kirmayer, Jaswant Guzder, Cécile Rousseau, editors.
300 ## - PHYSICAL DESCRIPTION
Extent 355 pages :
650 #0 - SUBJECT--TOPIC
General subdivision Social aspects
650 #0 - SUBJECT--TOPIC
General subdivision Social aspects
650 #0 - SUBJECT--TOPIC
General subdivision Mental health services
650 #0 - SUBJECT--TOPIC
General subdivision Psychological aspects.
650 12 - SUBJECT--TOPIC
General subdivision psychology
Form subdivision Case Reports.
650 12 - SUBJECT--TOPIC
Form subdivision Case Reports.
650 22 - SUBJECT--TOPIC
Form subdivision Case Reports.
650 22 - SUBJECT--TOPIC
Form subdivision Case Reports.
700 1# - ADDED ENTRY--PERSONAL AUTHOR
Personal Name Kirmayer, Laurence J.,
700 1# - ADDED ENTRY--PERSONAL AUTHOR
Personal Name Guzder, Jaswant,
700 1# - ADDED ENTRY--PERSONAL AUTHOR
Personal Name Rousseau, Cécile,
942 ## - ADDED ENTRY ELEMENTS(KOHA)
Source of classification or shelving scheme Library of Congress Classification
Koha item type General circulation
Holdings
Source of classification or shelving scheme Not for loan Location (home branch) Sublocation (holding branch) Shelving location Date accessioned Full call number Barcode Koha item type Public note
Library of Congress Classification   Main Campus Library Main Campus Library   01/07/2015 RA 790.95 .C85 2015/001803 General circulation smo
Kitui, Kenya.
+254736116989
library@seku.ac.ke